00856nam a2200193 a 450000100100000000500170001000800410002702000180006804000250008610000310011124500980014226000380024030000270027859000250030595201050033095201050043595201050054099900170064500004725020201002053502.0180425s2017 dr a 000 spa d a9789945195620 aDO-SdBNPbspacBNPHU1 aPolanco, Bienvenida974964 0aCuentos de miedo para niños buenos :. :btradición oral dominicana /cBienvenida Polanco. aSanto Domingo :bLoqueleo,c2017. a98 p. :bil. ;c21 cm. aInventariado,2018/DG 0010718PDaGRbGRcHDd2018-04-25iLF1l0o p47250-30r2020-06-25w2020-06-25yLFPDZNo se presta 0010718PDaPDbPDcHDd2018-04-25iLF1l0o p47250-10r2020-06-25w2020-06-25yLFPDZNo se presta 0010718PDaPDbPDcHDd2018-04-25iLF1l0o p47250-20r2020-06-25w2020-06-25yLFPDZNo se presta c46738d46738